Effective Psychotherapy for Low-income and Minority Patients (Record no. 4576)

MARC details
000 -LEADER
fixed length control field 00804pam a2200265 a 4500
001 - CONTROL NUMBER
control field 4223439
003 - CONTROL NUMBER IDENTIFIER
control field OSt
005 - DATE AND TIME OF LATEST TRANSACTION
control field 20210501142652.0
008 - FIXED-LENGTH DATA ELEMENTS--GENERAL INFORMATION
fixed length control field 820503s1982 nyua b 001 0 eng
010 ## - LIBRARY OF CONGRESS CONTROL NUMBER
LC control number 82009053
020 ## - INTERNATIONAL STANDARD BOOK NUMBER
International Standard Book Number 0306408791 (pbk.)
040 ## - CATALOGING SOURCE
Original cataloging agency DLC
Transcribing agency DLC
Modifying agency DLC
043 ## - GEOGRAPHIC AREA CODE
Geographic area code n-us---
082 00 - DEWEY DECIMAL CLASSIFICATION NUMBER
Classification number WA305 A17e 1982
100 1# - MAIN ENTRY--PERSONAL NAME
Personal name Acosta, Frank X.; Yamamoto, Joe; Evans, Leonard A.
9 (RLIN) 9807
245 10 - TITLE STATEMENT
Title Effective Psychotherapy for Low-income and Minority Patients
260 ## - PUBLICATION, DISTRIBUTION, ETC. (IMPRINT)
Place of publication, distribution, etc. New York;
Name of publisher, distributor, etc. Plenum Press,
Date of publication, distribution, etc. 1982.
300 ## - PHYSICAL DESCRIPTION
Extent xviii, 164 p. :
Other physical details ill. ;
Dimensions 23 cm.
504 ## - BIBLIOGRAPHY, ETC. NOTE
Bibliography, etc Includes bibliographies and index.
650 #0 - SUBJECT ADDED ENTRY--TOPICAL TERM
Topical term or geographic name as entry element Poverty
9 (RLIN) 9809
650 #0 - SUBJECT ADDED ENTRY--TOPICAL TERM
Topical term or geographic name as entry element Mental health
9 (RLIN) 9810
650 #0 - SUBJECT ADDED ENTRY--TOPICAL TERM
Topical term or geographic name as entry element Psychotherapy
9 (RLIN) 9811
906 ## - LOCAL DATA ELEMENT F, LDF (RLIN)
a 7
b cbc
c orignew
d 1
e ocip
f 19
g y-gencatlg
942 ## - ADDED ENTRY ELEMENTS (KOHA)
Source of classification or shelving scheme Other/Generic Classification Scheme
Koha item type Open Shelf
Holdings
Withdrawn status Lost status Source of classification or shelving scheme Damaged status Not for loan Home library Current library Date acquired Source of acquisition Inventory number Total Checkouts Full call number Barcode Date last seen Price effective from Koha item type
    Other/Generic Classification Scheme     MUST Main Library MUST Main Library 30/06/2016   49   WA 305 A17e 1982 2016-2904 30/06/2016 30/06/2016 Open Shelf
    Other/Generic Classification Scheme     MUST Main Library MUST Main Library 30/06/2016   50   WA 305 A17e 1982 2016-2905 30/06/2016 30/06/2016 Open Shelf
    Other/Generic Classification Scheme     MUST Main Library MUST Main Library 30/06/2016   55   WA 305 A17e 1982 2016-2906 30/06/2016 30/06/2016 Open Shelf
    Other/Generic Classification Scheme     MUST Main Library MUST Main Library 30/06/2016   48   WA 305 A17e 1982 2016-2907 30/06/2016 30/06/2016 Open Shelf
    Other/Generic Classification Scheme     MUST Main Library MUST Main Library 30/06/2016   59   WA 305 A17e 1982 2016-2908 30/06/2016 30/06/2016 Open Shelf
    Other/Generic Classification Scheme     MUST Main Library MUST Main Library 30/06/2016   57   WA 305 A17e 1982 2016-2909 30/06/2016 30/06/2016 Open Shelf